000 00375cam a2200145ua 4500
041 _aeng
_h
100 _aTrivedi, T.P; .
245 _aIntegrated pest management in vegetable crops /
_cT.P Trivedi.
_hTextual Documents
260 _a :
_bDirectorate of Extn. ,
_c2001.
300 _a ; .
504 _a
700 1 _aMishra, J.P .
942 _cBK
999 _c13009
_d13009